| 000 | 00430nam a22001697a 4500 | ||
|---|---|---|---|
| 005 | 20240109150259.0 | ||
| 008 | 190603b xxu||||| |||| 00| 0 eng d | ||
| 020 | _a818579054-X | ||
| 041 | _aeng | ||
| 100 |
_aKALE, S.R.,AND KALE,R.R _94994 |
||
| 245 | _aPRACTICAL HUMAN ANATOMY AND PHYSIOLOGY | ||
| 250 | _a8th, ed. 2019 | ||
| 260 |
_aPUNE _bNIRALI PRAKASHAN |
||
| 300 | _a114p, | ||
| 650 |
_aPHARMACY _xB.PHARMA |
||
| 942 | _cBK | ||
| 999 |
_c5915 _d5913 |
||